00753nam a22002537a 45000010005000000030006000050050017000110080041000280200015000690400030000840500015001140820011001291000019001402450040001592500044001992600037002433000064002805050008003445210023003525210020003756500034003956500038004297000032004678280FISKH20250908115034.0250908b cb ||||| |||| 00| 0 eng d a059045031X aFISKHbeng cFISKHdFISKH aPZ7.J857 G a813.54 aJoyce, William aGeorge shrinks / cBy William Joyce aFirst Scholastic printing, October 1991 aNew York : bScholastic ,c1985. a40 unnumbered pages : bcolor illustrations ;c17 x 22 cm . aJ 8 a490 bLexile AD 8 aJ bRaz-Plus  aImaginationvChildren's Books aReading RainbowvChildren's Books aJoyce, WiliameIllustrator